Statistiche per Breaking Bad Characters by Picture

Clicka qui per fare il quiz!

Statistiche generali

  • Questo quiz è stato fatto 31 volte
  • Il punteggio medio è 10 su 16

Statistiche sulle risposte

Risposta% Corretto
Walter White
97%
Saul Goodman
93%
Tuco Salamanca
87%
Hank Schrader
83%
Skyler White
83%
Jesse Pinkman
80%
Gustavo Fring
73%
Mike Ehrmantraut
73%
Hector Salamanca
60%
Todd Alquist
53%
Walter White Jr
53%
Jane Margolis
47%
Ted Beneke
47%
Skinny Pete
43%
Gale Boetticher
30%
Jack Welker
23%

Distribuzione punteggi

Percentile per numero di risposta

Percentuale di utenti per punteggio

I tuoi punteggi nel tempo

Non hai fatto questo quiz